LEADER 01205nam a2200265 i 4500 001 000000342939 003 CaOOAMICUS 005 20201112152038.0 008 201112s1950 it u001 u ita u 013 $a38776 040 $aSeMil$bita 100 1 $aTinivella, Giovanni.$0(OLS)http://semarc/name/33818 245 13$aLa libertà e il destino nell'antichità greca :$ble fonti dell'umanesimo /$cGiovanni Tinivella. 260 $aBologna :$bDott. Cesare Zuffi Editore,$c1950. 300 $a71 p. ;$c22 cm 504 $aContiene : Bibliografia 650 4$aUmanesimo - Filosofia.$0(OLS)http://semarc/subject/5341 650 4$aFilosofia greca.$0(OLS)http://semarc/subject/357 650 4$aLibertà - Concezione greca.$0(OLS)http://semarc/subject/4613 650 4$aDestino - Concezione - Antichità.$0(OLS)http://semarc/subject/47074 850 $aSeMil 852 $aSeMil$W1$xVenegono$y1$m2P II 959$j222706$B233825$CSeMilBibl$Z2$F233825 $81 996 $6245$aLa libertà e il destino nell'antichità greca :$ble fonti dell'umanesimo$9(OLS)http://semarc/title/431860 996 $6260$aBologna :$bDott. Cesare Zuffi Editore$9(OLS)http://semarc/publisher/59382 LEADER 01149nam a2200289 i 4500 001 000000191253 003 CaOOAMICUS 005 20210514122226.0 008 100721s2010 it u000 u ita u 013 $a169772 020 $a978-88-10-43018-7 040 $aSeMil$bita 100 1 $aHercsik, Donath,$c.$0(OLS)http://semarc/name/54554 245 13$aIl Signore Gesù :$bsaggio di cristologia e soteriologia /$cDonath Hercsik. 260 $aBologna :$bEDB,$c2010. 300 $a336 p. ;$c24 cm. 490 0 $aManuali 650 4$aCristologia.$0(OLS)http://semarc/subject/173 650 4$aSoteriologia.$0(OLS)http://semarc/subject/247 830 0$aManuali .$0(OLS)http://semarc/title/435205 850 $aSeMil 852 $aSeMil$W1$xVenegono$y1$m2MA Q 14$j250519$B141867$CSeMilBibl$Z2$F153465 $81 961 $aOmaggio: Caspani don Pierpaolo 996 $6020$a978-88-10-43018-7$9(OLS)http://semarc/number/182312 996 $6245$aIl Signore Gesù :$bsaggio di cristologia e soteriologia$9(OLS)http://semarc/title/275583 996 $6260$aBologna :$bEDB$9(OLS)http://semarc/publisher/29669